000 00512nam a2200181 4500
003 DO-SdBNP
005 20180131125559.0
008 161028b1981 sp||||| |||| 00| 0 spa d
020 _a8430512241
040 _aBPMSU
_bspa
_cBPMSU
100 _aHerrera, Juan Ignacio
245 _aMiguel angel Buonarroti /
_cJuan Ignacio Herrera
260 _aBarcelona :
_bSusaeta Ediciones ,
_c1981
300 _a98 p. :
_321 cm
942 _2ddc
_cBK
945 _aInventariado extranjero / 2017 VM
956 _adgarcia
999 _c11721
_d11721